[Event "Oberliga Nord N 1516"]
[Site "Germany"]
[Date "2015.09.20"]
[Round "1.8"]
[White "Brodmann, Anton"]
[Black "Voelzke, Ferdinand"]
[Result "0-1"]
[WhiteElo "1948"]
[BlackElo "2154"]
[PlyCount "66"]
[EventDate "2015.09.20"]
[EventType "team-tourn"]
[EventRounds "9"]
[EventCountry "GER"]
[SourceTitle "CBM 170 Extra"]
[Source "ChessBase"]
[SourceDate "2016.02.25"]
[SourceVersion "1"]
[SourceVersionDate "2016.02.25"]
[SourceQuality "1"]
[WhiteTeam "Bargteheide"]
[BlackTeam "Kiel Turm"]
[WhiteTeamCountry "GER"]
[BlackTeamCountry "GER"]

1. e4 d6 2. d4 Nf6 3. Bd3 e5 4. d5 Nbd7 5. Nc3 Be7 6. Be3 0-0 7. f3 c6 8. Nge2 Nc5 9. 0-0 Nxd3 10. Qxd3 c5 11. a3 Ne8 12. b4 b6 13. Ng3 g6 14. b5 Ng7 15. Rae1 Bd7 16. a4 Qc7 17. Qc4 Qb7 18. Bd2 f6 19. Nb1 a6 20. Na3 h5 21. Bc3 g5 22. Ne2 a5 23. Qd3 f5 24. exf5 Bxf5 25. Qd2 h4 26. Nc4 Bg6 27. g3 Nf5 28. f4 Nd4 29. Ne3 Rae8 30. Bb2 Bd8 31. c4 gxf4 32. gxf4 Qg7 33. Rf2 Be4+ 0-1

[Event "GER-ch U18"]
[Site "Oberhof"]
[Date "2012.06.02"]
[Round "9"]
[White "Boes, Christoph"]
[Black "Brodmann, Anton"]
[Result "1-0"]
[WhiteElo "1983"]
[BlackElo "1971"]
[PlyCount "71"]
[EventDate "2012.05.27"]
[EventType "swiss"]
[EventRounds "9"]
[EventCountry "GER"]
[SourceTitle "CBM 148 Extra"]
[Source "ChessBase"]
[SourceDate "2012.06.22"]
[SourceVersion "1"]
[SourceVersionDate "2012.06.22"]
[SourceQuality "1"]

1. e4 e6 2. d3 d5 3. Nd2 Nf6 4. Ngf3 b6 5. g3 dxe4 6. dxe4 Bb7 7. Qe2 Nc6 8. c3 a5 9. Bg2 Be7 10. 0-0 0-0 11. Rd1 Ra7 12. e5 Nd5 13. c4 Ndb4 14. Ne4 Qa8 15. Bf4 Na6 16. Nc3 Qc8 17. h4 Nc5 18. h5 a4 19. h6 g6 20. Ng5 Nd7 21. Nf3 Ra5 22. Rd2 f6 23. exf6 Rxf6 24. Bg5 Rxf3 25. Qxe6+ Rf7 26. Bxe7 Nce5 27. Nd5 Bxd5 28. Bxd5 c6 29. Bg2 Qe8 30. f4 Qxe7 31. Qxe7 Rxe7 32. fxe5 Raxe5 33. Bxc6 Nf6 34. Bxa4 Re3 35. Rf1 Ne8 36. Rdf2 1-0

[Event "GER-chT Nord-West U20 1112"]
[Site "Germany"]
[Date "2012.01.22"]
[Round "5"]
[White "Hinrichs, Jan"]
[Black "Brodmann, Anton"]
[Result "1-0"]
[WhiteElo "1902"]
[BlackElo "1886"]
[PlyCount "37"]
[EventDate "2011.09.24"]
[EventType "team-tourn"]
[EventRounds "9"]
[EventCountry "GER"]
[SourceTitle "EXT 2015"]
[Source "ChessBase"]
[SourceDate "2014.11.20"]
[SourceVersion "1"]
[SourceVersionDate "2014.11.20"]
[SourceQuality "1"]

1. d4 e6 2. c4 f5 3. Nf3 Nf6 4. e3 g6 5. Be2 Bg7 6. 0-0 0-0 7. Nc3 d6 8. Qc2 Nc6 9. Rd1 Qe7 10. d5 Ne5 11. Nd4 c5 12. Nxe6 Bxe6 13. dxe6 Rad8 14. Qa4 a6 15. f4 Nc6 16. Bf3 Qxe6 17. Bd5 Nxd5 18. cxd5 b5 19. Qxa6 1-0

[Event "GER-chT Nord-West U20 1112"]
[Site "Germany"]
[Date "2012.01.21"]
[Round "3"]
[White "Hartmann, Chris Peter"]
[Black "Brodmann, Anton"]
[Result "0-1"]
[WhiteElo "1898"]
[BlackElo "1886"]
[PlyCount "62"]
[EventDate "2011.09.24"]
[EventType "team-tourn"]
[EventRounds "9"]
[EventCountry "GER"]
[SourceTitle "EXT 2015"]
[Source "ChessBase"]
[SourceDate "2014.11.20"]
[SourceVersion "1"]
[SourceVersionDate "2014.11.20"]
[SourceQuality "1"]

1. c4 g6 2. g3 Bg7 3. Bg2 c6 4. Nc3 d6 5. e4 e5 6. Nge2 Be6 7. d3 Qd7 8. 0-0 Ne7 9. f4 f5 10. b3 0-0 11. Ba3 Rd8 12. Rc1 Na6 13. Re1 Rac8 14. Kh1 b5 15. Bb2 Nc7 16. cxb5 cxb5 17. d4 b4 18. Na4 fxe4 19. fxe5 Nf5 20. Bxe4 Bd5 21. Qd3 dxe5 22. dxe5 Ba8 23. Qf3 Ne6 24. Rxc8 Qxc8 25. Bxa8 Qxa8 26. Qxa8 Rxa8 27. Nf4 Ned4 28. Re4 Rd8 29. g4 Nf3 30. gxf5 g5 31. Ne6 Rd2 0-1

[Event "GER-chT Nord-West U20 1112"]
[Site "Germany"]
[Date "2011.09.25"]
[Round "1"]
[White "Janke, Hendrik"]
[Black "Brodmann, Anton"]
[Result "0-1"]
[WhiteElo "1663"]
[BlackElo "1886"]
[PlyCount "64"]
[EventDate "2011.09.24"]
[EventType "team-tourn"]
[EventRounds "9"]
[EventCountry "GER"]
[SourceTitle "EXT 2015"]
[Source "ChessBase"]
[SourceDate "2014.11.20"]
[SourceVersion "1"]
[SourceVersionDate "2014.11.20"]
[SourceQuality "1"]

1. e4 e6 2. b3 d5 3. Bb2 Nf6 4. e5 Nfd7 5. d4 c5 6. c3 Nc6 7. Nf3 f6 8. exf6 Qxf6 9. Bb5 cxd4 10. Bxc6 bxc6 11. Qxd4 e5 12. Qh4 Qxh4 13. Nxh4 e4 14. 0-0 Ne5 15. g3 g5 16. Ng2 Ba6 17. Rc1 Nd3 18. Rc2 Nxb2 19. Rxb2 Bg7 20. Rc2 Bd3 21. Rc1 d4 22. c4 c5 23. Re1 0-0 24. Na3 a6 25. Rad1 Rf3 26. Rd2 Raf8 27. Rc1 g4 28. Ne1 R3f5 29. Nxd3 exd3 30. Rf1 Rf3 31. Nb1 Re8 32. Rdd1 Bh6 0-1

[Event "Schleswig Holstein-ch U18"]
[Site "Neumuenster"]
[Date "2011.05.01"]
[Round "9.1"]
[White "Schwarzat, Julian"]
[Black "Brodmann, Anton"]
[Result "1-0"]
[WhiteElo "2007"]
[BlackElo "1862"]
[PlyCount "79"]
[EventDate "2011.04.25"]
[EventType "tourn"]
[EventRounds "9"]
[EventCountry "GER"]
[SourceTitle "EXT 2022"]
[Source "ChessBase"]
[SourceDate "2021.10.06"]
[SourceVersion "1"]
[SourceVersionDate "2021.10.06"]
[SourceQuality "1"]

1. e4 e6 2. d3 d5 3. Nd2 Nf6 4. Ngf3 b6 5. c3 dxe4 6. dxe4 Bb7 7. Qc2 Nbd7 8. Bc4 a6 9. a4 c6 10. 0-0 b5 11. Be2 Nc5 12. b3 g6 13. Ba3 Ncd7 14. Bxf8 Kxf8 15. c4 b4 16. e5 Ng4 17. Qe4 Nh6 18. Qf4 Kg7 19. Ne4 c5 20. Nd6 Bc6 21. Qxh6+ Kxh6 22. Nxf7+ Kg7 23. Nxd8 Raxd8 24. Ng5 Rhe8 25. Bg4 Nf8 26. Rad1 h6 27. Nh3 Be4 28. Rxd8 Rxd8 29. Bd1 Rd2 30. f3 Bc2 31. Bxc2 Rxc2 32. f4 Rb2 33. Rf3 Rb1+ 34. Kf2 Rb2+ 35. Kg3 Nh7 36. Nf2 g5 37. Ne4 gxf4+ 38. Kxf4 Rxg2 39. Rg3+ Rxg3 40. hxg3 1-0

[Event "Schleswig Holstein-ch U18"]
[Site "Neumuenster"]
[Date "2011.04.27"]
[Round "4.1"]
[White "Brodmann, Anton"]
[Black "Wegner, Florian"]
[Result "1-0"]
[WhiteElo "1862"]
[BlackElo "1646"]
[PlyCount "57"]
[EventDate "2011.04.25"]
[EventType "tourn"]
[EventRounds "9"]
[EventCountry "GER"]
[SourceTitle "EXT 2022"]
[Source "ChessBase"]
[SourceDate "2021.10.06"]
[SourceVersion "1"]
[SourceVersionDate "2021.10.06"]
[SourceQuality "1"]

1. e4 e6 2. d4 d5 3. e5 c5 4. c3 Nc6 5. Nf3 Bd7 6. a3 c4 7. Be3 f6 8. Nbd2 Qc7 9. exf6 Nxf6 10. g3 h6 11. Qc2 Kd8 12. Bf4 Bd6 13. Bxd6 Qxd6 14. Bg2 Kc7 15. 0-0 g5 16. Rae1 Raf8 17. Ne5 Be8 18. Bh3 g4 19. Bg2 h5 20. b3 cxb3 21. Nxb3 Nd7 22. c4 Nxd4 23. Nxd4 Nxe5 24. cxd5+ Kb8 25. Qb3 Rh7 26. Re3 exd5 27. Rfe1 Qf6 28. R1e2 Re7 29. Qxd5 1-0

[Event "Schleswig Holstein-ch U18"]
[Site "Neumuenster"]
[Date "2011.04.26"]
[Round "2.1"]
[White "Brodmann, Anton"]
[Black "Marx, Joschka"]
[Result "1/2-1/2"]
[WhiteElo "1862"]
[BlackElo "2035"]
[PlyCount "68"]
[EventDate "2011.04.25"]
[EventType "tourn"]
[EventRounds "9"]
[EventCountry "GER"]
[SourceTitle "EXT 2022"]
[Source "ChessBase"]
[SourceDate "2021.10.06"]
[SourceVersion "1"]
[SourceVersionDate "2021.10.06"]
[SourceQuality "1"]

1. e4 c6 2. d4 g6 3. Bd3 Bg7 4. c3 d6 5. Bf4 Nf6 6. Nf3 0-0 7. Nbd2 Nbd7 8. Nf1 Nh5 9. Be3 e5 10. Qd2 Re8 11. Ng3 Nhf6 12. dxe5 Nxe5 13. Nxe5 dxe5 14. f3 Be6 15. Ne2 Qa5 16. 0-0 Rad8 17. Qc2 Rd7 18. Nc1 Qc7 19. Be2 Red8 20. Nd3 b6 21. c4 a5 22. c5 b5 23. a4 b4 24. b3 Nh5 25. g3 f5 26. Rfd1 f4 27. Bf2 fxg3 28. hxg3 Bh6 29. g4 Nf4 30. Nxf4 Bxf4 31. Rxd7 Rxd7 32. Rd1 Qd8 33. Rxd7 Qxd7 34. Bc4 Kf7 1/2-1/2

[Event "GER-ch U16"]
[Site "Oberhof"]
[Date "2010.05.24"]
[Round "3"]
[White "Frischmann, Rick"]
[Black "Brodmann, Anton"]
[Result "1-0"]
[WhiteElo "1948"]
[BlackElo "1844"]
[PlyCount "87"]
[EventDate "2010.05.22"]
[EventType "swiss"]
[EventRounds "9"]
[EventCountry "GER"]
[SourceTitle "CBM 136 Extra"]
[Source "ChessBase"]
[SourceDate "2010.07.02"]
[SourceVersion "2"]
[SourceVersionDate "2010.07.15"]
[SourceQuality "1"]

1. e4 e6 2. Nf3 d5 3. e5 c5 4. b4 c4 5. c3 Nc6 6. d3 cxd3 7. Bxd3 g6 8. 0-0 Bg7 9. Qc2 Nge7 10. Na3 0-0 11. Nb5 f6 12. exf6 Bxf6 13. Bh6 Re8 14. Nbd4 e5 15. Nxc6 Nxc6 16. Bb5 a6 17. Bxc6 bxc6 18. Be3 a5 19. b5 e4 20. Nd4 c5 21. Nc6 Qb6 22. Rad1 Be6 23. Qb2 Bd7 24. Rxd5 Bxc6 25. Rxc5 Bd7 26. Rc6 Qd8 27. Qb3+ Kg7 28. Rd1 Bxc6 29. Rxd8 Rexd8 30. bxc6 Rab8 31. Qc2 Rbc8 32. h4 Rxc6 33. Qxe4 Rdc8 34. h5 Rxc3 35. h6+ Kf8 36. Qd5 Be7 37. Bd4 Rc1+ 38. Kh2 R8c6 39. Bg7+ Ke8 40. Qg8+ Kd7 41. Qxh7 Re6 42. Qg8 Bd6+ 43. g3 Ree1 44. h7 1-0

[Event "Schleswig Holstein-ch U16 M"]
[Site "Neumuenster"]
[Date "2010.04.10"]
[Round "8"]
[White "Brodmann, Anton"]
[Black "Kossinz, Alex"]
[Result "1-0"]
[WhiteElo "1844"]
[BlackElo "1588"]
[PlyCount "87"]
[EventDate "2010.04.05"]
[EventType "tourn"]
[EventRounds "9"]
[EventCountry "GER"]
[SourceTitle "EXT 2023"]
[Source "ChessBase"]
[SourceDate "2022.10.05"]
[SourceVersion "1"]
[SourceVersionDate "2022.10.05"]
[SourceQuality "1"]

1. e4 c5 2. Nc3 Nc6 3. g3 g6 4. Bg2 Bg7 5. d3 e6 6. Be3 d6 7. f4 Nf6 8. h3 Qc7 9. Nf3 b6 10. 0-0 0-0 11. e5 Ne8 12. Nb5 Qd7 13. exd6 Nxd6 14. Ne5 Bxe5 15. fxe5 Nf5 16. Bf4 Bb7 17. g4 Ng7 18. Nd6 Na5 19. Nxb7 Nxb7 20. Qf3 Rab8 21. c3 f6 22. exf6 Rxf6 23. Qc6 Qxc6 24. Bxc6 Rbf8 25. Be5 R6f7 26. Rxf7 Rxf7 27. Rf1 Nd8 28. Rxf7 Kxf7 29. Bg2 Ne8 30. Bb8 a6 31. Ba7 b5 32. Bxc5 Nf6 33. Bb6 Ke7 34. Bxd8+ Kxd8 35. a3 Kc7 36. Kf2 e5 37. Ke3 g5 38. d4 exd4+ 39. Kxd4 Nd7 40. b3 Kb6 41. b4 a5 42. c4 axb4 43. axb4 bxc4 44. Kxc4 1-0

[Event "Schleswig Holstein-ch U16 M"]
[Site "Neumuenster"]
[Date "2010.04.09"]
[Round "7"]
[White "Rublack, Valentin"]
[Black "Brodmann, Anton"]
[Result "0-1"]
[WhiteElo "1788"]
[BlackElo "1844"]
[PlyCount "68"]
[EventDate "2010.04.05"]
[EventType "tourn"]
[EventRounds "9"]
[EventCountry "GER"]
[SourceTitle "EXT 2023"]
[Source "ChessBase"]
[SourceDate "2022.10.05"]
[SourceVersion "1"]
[SourceVersionDate "2022.10.05"]
[SourceQuality "1"]

1. d4 e6 2. c4 d5 3. Nc3 Nf6 4. Nf3 Be7 5. e3 0-0 6. Bd3 dxc4 7. Bxc4 b6 8. 0-0 Bb7 9. Re1 Nbd7 10. e4 c5 11. d5 exd5 12. exd5 Bd6 13. Bg5 h6 14. Bh4 a6 15. a4 Qc7 16. Bg3 Rfe8 17. Qd2 Bxg3 18. hxg3 Qd6 19. Qf4 Qxf4 20. gxf4 Kf8 21. Ne5 g5 22. Nxd7+ Nxd7 23. Ne4 f6 24. Nd6 Reb8 25. Re6 b5 26. axb5 axb5 27. Rxa8 Bxa8 28. Nxb5 Nb6 29. d6 Nxc4 30. d7 Rd8 31. Re8+ Rxe8 32. dxe8Q+ Kxe8 33. Nc7+ Kd7 34. Nxa8 Kc6 0-1

[Event "Schleswig Holstein-ch U16 M"]
[Site "Neumuenster"]
[Date "2010.04.06"]
[Round "3"]
[White "Krause, Jonah"]
[Black "Brodmann, Anton"]
[Result "1/2-1/2"]
[WhiteElo "1840"]
[BlackElo "1844"]
[PlyCount "20"]
[EventDate "2010.04.05"]
[EventType "tourn"]
[EventRounds "9"]
[EventCountry "GER"]
[SourceTitle "EXT 2023"]
[Source "ChessBase"]
[SourceDate "2022.10.05"]
[SourceVersion "1"]
[SourceVersionDate "2022.10.05"]
[SourceQuality "1"]

1. d4 e6 2. c4 d5 3. Nc3 Nf6 4. Bg5 Nbd7 5. Nf3 Be7 6. e3 0-0 7. Rc1 b6 8. Bd3 dxc4 9. Bxc4 Bb7 10. 0-0 c5 1/2-1/2

[Event "Lippe Cup 06th"]
[Site "Lieme"]
[Date "2009.10.16"]
[Round "1"]
[White "Brodmann, Anton"]
[Black "Ruerup, Hans Heinz"]
[Result "1-0"]
[WhiteElo "1823"]
[BlackElo "2046"]
[PlyCount "77"]
[EventDate "2009.10.16"]
[EventType "swiss"]
[EventRounds "5"]
[EventCountry "GER"]
[SourceTitle "EXT 2012"]
[Source "ChessBase"]
[SourceDate "2011.11.24"]
[SourceVersion "1"]
[SourceVersionDate "2011.11.24"]
[SourceQuality "1"]

1. e4 c5 2. Nc3 Nc6 3. g3 g6 4. Bg2 Bg7 5. d3 d6 6. f4 e6 7. Nf3 Nge7 8. Be3 Nd4 9. 0-0 Bd7 10. e5 Nef5 11. Bf2 Bc6 12. Ne4 Rc8 13. Nxd4 cxd4 14. g4 Bxe4 15. dxe4 Ne3 16. Bxe3 dxe3 17. exd6 e5 18. fxe5 0-0 19. Qd5 Qd7 20. c3 b6 21. Rf3 Rc5 22. Qd3 Bxe5 23. Rd1 Rc6 24. Qxe3 Rxd6 25. Rxd6 Bxd6 26. Qg5 Qc7 27. h3 Bc5+ 28. Kh1 Rd8 29. e5 Re8 30. Rd3 Bf8 31. Re3 Bg7 32. e6 fxe6 33. Bd5 Qd6 34. Bc4 Kh8 35. Qb5 Rd8 36. Rxe6 Qd1+ 37. Kg2 Rd2+ 38. Be2 h6 39. Qe8+ 1-0

[Event "Harburg-chG 6th"]
[Site "Hamburg"]
[Date "2008.07.20"]
[Round "4"]
[White "Grove, Manfred"]
[Black "Brodmann, Anton"]
[Result "1/2-1/2"]
[WhiteElo "1680"]
[BlackElo "1530"]
[PlyCount "110"]
[EventDate "2008.07.18"]
[EventType "tourn"]
[EventRounds "5"]
[EventCountry "GER"]
[SourceTitle "EXT 2009"]
[Source "ChessBase"]
[SourceDate "2008.11.26"]
[SourceVersion "1"]
[SourceVersionDate "2008.11.26"]
[SourceQuality "1"]

1. e4 e6 2. d4 d5 3. Nc3 Nf6 4. Bg5 Be7 5. e5 Nfd7 6. Bxe7 Qxe7 7. f4 a6 8. Nf3 f6 9. Qd2 0-0 10. 0-0-0 c5 11. exf6 Qxf6 12. g3 c4 13. Re1 Nc6 14. Bh3 Nb6 15. Nd1 Bd7 16. c3 h6 17. Rhf1 a5 18. Ne3 a4 19. a3 Na5 20. Qc2 Nb3+ 21. Kd1 Kh8 22. Ne5 Be8 23. Ke2 Nc8 24. Kf2 Nd6 25. Kg1 Ne4 26. Bg2 Nbd2 27. Rd1 Nxf1 28. Rxf1 Nd6 29. h4 Nf5 30. Nxf5 Qxf5 31. Qxf5 Rxf5 32. Bh3 Rf6 33. Kh2 Ra6 34. Rf2 Rb6 35. Nf3 Kh7 36. Kg1 Bg6 37. Kf1 Be4 38. Ne5 Rd6 39. Bg2 Bg6 40. Bh3 Rf8 41. Ke1 Ra8 42. Kd2 Ra5 43. Re2 Rb5 44. Kc1 Rbb6 45. Bg4 Be4 46. Nf7 Rd7 47. Ne5 Re7 48. Rh2 g6 49. Bd1 Ra6 50. Kd2 Kg7 51. Kc1 Kf6 52. Bg4 Bf5 53. Bd1 h5 54. Rf2 Be4 55. Rh2 Bf5 1/2-1/2

[Event "Schleswig Holstein-ch U14 MT"]
[Site "Neumuenster"]
[Date "2008.03.26"]
[Round "4"]
[White "Oltzen, Aljoscha"]
[Black "Brodmann, Anton"]
[Result "1/2-1/2"]
[WhiteElo "1255"]
[BlackElo "1428"]
[PlyCount "65"]
[EventDate "2008.03.24"]
[EventType "tourn"]
[EventRounds "9"]
[EventCountry "GER"]
[SourceTitle "EXT 2009"]
[Source "ChessBase"]
[SourceDate "2008.11.26"]
[SourceVersion "1"]
[SourceVersionDate "2008.11.26"]
[SourceQuality "1"]

1. e4 e6 2. c4 c5 3. Nf3 Nc6 4. Nc3 b6 5. d4 cxd4 6. Nxd4 Nxd4 7. Qxd4 Bc5 8. Qxg7 Qf6 9. Qxf6 Nxf6 10. f3 Ba6 11. Bd2 Rg8 12. g3 Bb7 13. 0-0-0 0-0-0 14. Bf4 a6 15. Na4 d6 16. Nxc5 dxc5 17. Be2 Nh5 18. Bd6 Rde8 19. f4 Nf6 20. Bf3 Bxe4 21. Bxe4 Nxe4 22. Rhe1 Nxd6 23. Rxd6 Kc7 24. Red1 Rd8 25. Rxd8 Rxd8 26. Rxd8 Kxd8 27. Kd2 Kd7 28. b3 Kd6 29. Ke3 f5 30. h3 h5 31. Kf3 e5 32. fxe5+ Kxe5 33. Ke3 1/2-1/2

[Event "Schleswig Holstein-ch U14 MT"]
[Site "Neumuenster"]
[Date "2008.03.25"]
[Round "3"]
[White "Rublack, Valentin"]
[Black "Brodmann, Anton"]
[Result "1/2-1/2"]
[WhiteElo "1306"]
[BlackElo "1428"]
[PlyCount "44"]
[EventDate "2008.03.24"]
[EventType "tourn"]
[EventRounds "9"]
[EventCountry "GER"]
[SourceTitle "EXT 2009"]
[Source "ChessBase"]
[SourceDate "2008.11.26"]
[SourceVersion "1"]
[SourceVersionDate "2008.11.26"]
[SourceQuality "1"]

1. e4 e6 2. d4 d5 3. Nc3 Nf6 4. Bg5 Be7 5. e5 Nfd7 6. Bxe7 Qxe7 7. Nf3 a6 8. Be2 c5 9. 0-0 0-0 10. Re1 Nc6 11. Bf1 b5 12. Ne2 Bb7 13. c3 c4 14. g3 Nb6 15. Bg2 Rae8 16. Nd2 b4 17. Rb1 a5 18. f4 a4 19. Nf3 b3 20. a3 f6 21. Qd2 h6 22. Rf1 f5 1/2-1/2

[Event "Schleswig Holstein-ch U12"]
[Site "Neumuenster"]
[Date "2006.04.04"]
[Round "6"]
[White "Knoche, Lennart"]
[Black "Brodmann, Anton"]
[Result "1/2-1/2"]
[WhiteElo "920"]
[BlackElo "907"]
[PlyCount "29"]
[EventDate "2006.04.02"]
[EventType "swiss"]
[EventRounds "11"]
[EventCountry "GER"]
[SourceTitle "EXT 2007"]
[Source "ChessBase"]
[SourceDate "2006.11.23"]
[SourceVersion "1"]
[SourceVersionDate "2006.11.23"]
[SourceQuality "1"]

1. e4 e5 2. Nf3 Nc6 3. Bc4 Nf6 4. d3 h6 5. 0-0 Bc5 6. h3 d5 7. exd5 Nxd5 8. Re1 f6 9. c3 0-0 10. b4 Bb6 11. Ba3 Re8 12. d4 Kh8 13. Qd3 Nf4 14. Qe4 Bd7 15. d5 1/2-1/2